000 00973nam a2200325Ia 4500
001 Z_961
003 CHAP
008 220113s1985 xx 000 0 und d
010 _a164037
040 _cCHAP
090 _aFolleto 218
100 _aPeña Padilla, Pablo
_986819
245 _aEl uso de las vitaminas A, D y E en la alimentación del ganado /
_cpor Pablo Peña Padilla
260 _aGuadalajara, Jal. :
_bCentro de Investigaciones Pecuarias del Estado de Jalisco,
_c1985
300 _a15 p.
440 _a
500 _a
503 _a
650 _aAlimentos y alimentación del ganado I. Centro de Investigaciones Pecuarias del Estado de Jalisco II. t.
_9138095
650 _aVitaminas (A)
_9120011
650 _aVitaminas (D)
_9120016
650 _aVitaminas (E)
_9120017
650 _aVitaminas en nutrición animal
_9120022
901 _aFolleto 218
902 _aA
910 _a1985
942 _cc14
942 _cc14
999 _c164037
_d164037